000 00531nam a2200193Ia 4500
003 OSt
005 20260226164137.0
008 210210b1963 xxu||||| |||| 00| 0 eng d
040 _cAL
041 _aHindi
082 _a861/69
100 _aGUPTA (Maithilisharan)
_dमैथिलीशरण गुप्त
_9256939
245 _aThripathaga
_bत्रिपथगा
260 _aChirganv
_bSahity Sadhan
_c1963
650 _aThripathaga
_9256940
690 _aHindi Poetry
_9256941
906 _a023090
942 _2ddc
_cBK
999 _c147983
_d147983